| 000 | 00985nam a2200289 i 4500 | ||
|---|---|---|---|
| 999 |
_c200440012 _d58224 |
||
| 003 | TR-AnTOB | ||
| 005 | 20220621140556.0 | ||
| 007 | ta | ||
| 008 | 210317s1990 tu g 00| 0 eng d | ||
| 020 | _a9757608149 | ||
| 040 |
_aTR-AnTOB _beng _erda _cTR-AnTOB |
||
| 041 | 0 | _aeng | |
| 050 | 1 | 4 |
_aHD5715.5.T9 _bS29 1990 |
| 090 |
_aHD5715.5.T9 _bS29 1990 |
||
| 100 | 1 |
_aSayın, Bülent _eauthor _9129606 |
|
| 245 | 1 | 0 |
_aA Proposal of national industrial training system for Turkey / _cBülent Sayın. |
| 264 | 1 |
_aAnkara : _bT.C. Sanayi ve Ticaret Bakanlığı Sınai Eğitim ve Geliştirme Merkezi Genel Müdürlüğü, _c1990. |
|
| 300 |
_a143 pages : _btables ; _c29 cm |
||
| 336 |
_2rdacontent _atext _btxt |
||
| 337 |
_2rdamedia _aunmediated _bn |
||
| 338 |
_2rdacarrier _avolume _bnc |
||
| 650 | 7 |
_aUğraşı eğitimi _zTürkiye _2etuturkob _9112235 |
|
| 653 | _aÇalışanlar--Eğitim--Türkiye | ||
| 942 |
_2lcc _cBK |
||